000 004000000a22001570004500
005 20120302065239.0
942 _cBOOK
100 _a
_a
_b
_c
245 _a Kundali Khanda
250 _a 3
260 _aMumbai:Dhavale Prakashan, 1983
300 _asaha;416p..-ill
040 _aMar
365 _b60/-
650 _aJyotish, Astrology, Bhavishya, 1901 te 2000 ya kalat janmalelya vyaktichi kundali
999 _c364281
_d364278